Understanding management
-д хадгалсан:
| Үндсэн зохиолчид: | , |
|---|---|
| Формат: | Ном |
| Хэл сонгох: | англи |
| Хэвлэсэн: |
Boston
Cencage Learning
2017
|
| Хэвлэл: | 10a. ed |
| Нөхцлүүд: | |
| Шошгууд: |
Шошго нэмэх
Шошго байхгүй, Энэхүү баримтыг шошголох эхний хүн болох!
|
MARC
| LEADER | 00000cam a2200000 a 4500 | ||
|---|---|---|---|
| 001 | UCC9618 | ||
| 003 | CL-VaPUC | ||
| 005 | 20230905074227.0 | ||
| 008 | 191010e20170000us |||||||||||||||||eng|d | ||
| 020 | |a 9781305502215 | ||
| 040 | |c Pontificia Universidad Católica de Valparaíso | ||
| 082 | 0 | 4 | |a 658 |b DAF |2 21 |
| 100 | |a Daft Richard L. |e author |9 222276 | ||
| 245 | 1 | 0 | |a Understanding management |
| 250 | |a 10a. ed | ||
| 260 | |a Boston |b Cencage Learning |c 2017 | ||
| 300 | |a 706 p | ||
| 583 | |a last modification |c 20191010 15:29:00 |k Rodrigo Vera | ||
| 650 | 0 | |a Administración de empresas |9 260833 | |
| 650 | 0 | |a Planificación estratégica |9 259735 | |
| 650 | 0 | |a Liderazgo |9 271835 | |
| 650 | 0 | |a Control de calidad |9 259714 | |
| 700 | 0 | |a Marcic, Dorothy |e author |9 604742 | |
| 942 | |c BK | ||
| 945 | |d 20191010 15:29:00 |a cmena | ||
| 999 | |c 375766 |d 375764 | ||
| 952 | |0 0 |1 0 |3 erb |4 0 |6 658_000000000000000_DAF_2017 |7 0 |8 A |9 494816 |a BIBING |b BIBING |i 5563763 |o 658 DAF 2017 |p 5563763 |r 2025-01-20 |w 2019-11-24 |y BK |z Catalogado en:20191010 |k EII | ||
| 952 | |0 0 |1 0 |3 erb |4 0 |6 658_000000000000000_DAF_2017 |7 0 |8 A |9 494817 |a BIBING |b BIBING |i 5563755 |o 658 DAF 2017 |p 5563755 |r 2025-01-20 |w 2019-11-24 |y BK |z Catalogado en:20191010 |k EII | ||
| 952 | |0 0 |1 0 |3 erb |4 0 |6 658_000000000000000_DAF_2017 |7 0 |8 A |9 494818 |a BIBING |b BIBING |i 5563747 |o 658 DAF 2017 |p 5563747 |r 2025-01-20 |w 2019-11-24 |y BK |z Catalogado en:20191010 |k EII | ||